Statistics for Top 10 Selling Cars in the UK (2020)

Click here to take the quiz!

General Stats

  • This quiz has been taken 23 times
  • The average score is 4 of 10

Answer Stats

TopBrand% Correct
Most PopularFord Fiesta
75%
Third PopularFord Focus
70%
Second PopularVolkswagen Golf
70%
Fourth PopularVauxhall Corsa
65%
Ninth PopularVolkswagen Polo
45%
Sixth PopularNissan Qashqai
35%
Tenth PopularKia Sportage
25%
Eight PopularMini Hatch
5%
Seventh PopularFord Kuga
0%
Fifth PopularMercedes-Benz A-Class
0%

Score Distribution

Percentile by Number Answered

Percent of People with Each Score

Your Score History

You have not taken this quiz